Introducción a la teoría monetaria (Registro nro. 4507)

Detalles MARC
000 -LEADER
fixed length control field 01049 a2200205 4500
001 - CONTROL NUMBER
control field 47955
005 - DATE AND TIME OF LATEST TRANSACTION
control field 20260407155745.0
008 - FIXED-LENGTH DATA ELEMENTS--GENERAL INFORMATION
fixed length control field 260407a1969 arg spa d
003 - CONTROL NUMBER IDENTIFIER
control field AR-UNSa-BCEJYS
040 ## - CATALOGING SOURCE
Original cataloging agency AR-UNSa-BCEJYS
Language of cataloging spa
Transcribing agency AR-UNSa-BCEJYS
080 ## - UNIVERSAL DECIMAL CLASSIFICATION NUMBER
Universal Decimal Classification number 336.7
Common auxiliary subdivision Moneda. Sistema monetario. Banca. Bolsa
100 1# - MAIN ENTRY--PERSONAL NAME
Personal name Jiménez B., Manuel
245 10 - TITLE STATEMENT
Title Introducción a la teoría monetaria
264 #1 - PRODUCTION, PUBLICATION, DISTRIBUTION, MANUFACTURE, AND COPYRIGHT NOTICE
Place of production, publication, distribution, manufacture Buenos Aires :
Name of producer, publisher, distributor, manufacturer Fondo de Cultura Económica
Date of production, publication, distribution, manufacture, or copyright notice 1969
300 ## - PHYSICAL DESCRIPTION
Extent 215 p.
Dimensions 22 cm.
505 ## - FORMATTED CONTENTS NOTE
Formatted contents note 1. El dinero y proceso económico - 2. Teoría cuantitativa: Método de transacciones. Principios generales - 3. Teoría cuantitativa: Método de transacciones. Sus aplicaciones - 4. Teoría cuantitativa: Método de saldos monetarios - 5. Teorías del dinero como mercancía - 6. El punto de vista de ingresos y gastos. Principios generales - 7. El punto de vista de ingresos y gastos y el ciclo económico - 8. Objetivos de la política monetaria.
590 ## - LOCAL NOTE (RLIN)
Local note niveau_biblio:m niveau_hierar:0
700 1# - ADDED ENTRY--PERSONAL NAME
Personal name Chandler, Lester V.
942 ## - ADDED ENTRY ELEMENTS (KOHA)
Koha item type
Existencias
Withdrawn status Lost status Damaged status Not for loan Home library Current library Shelving location Date acquired Total checkouts Full call number Barcode Date last seen Price effective from Koha item type
        Biblioteca Prof. Eusebio Cleto del Rey Biblioteca Prof. Eusebio Cleto del Rey   07/04/2026   336.7 C454 L26708 07/04/2026 07/04/2026 Libro
        Biblioteca Prof. Eusebio Cleto del Rey Biblioteca Prof. Eusebio Cleto del Rey   07/04/2026   336.7 C454 L22332 07/04/2026 07/04/2026 Libro